| 000 | 00688cam a2200205 a 4500 | ||
|---|---|---|---|
| 001 | 000015145 | ||
| 005 | 20200929163952.0 | ||
| 008 | 810505s1970 sp 000 0 spa d | ||
| 040 |
_aDO-SdBNP _bspa _cLC _dBNPHU |
||
| 082 |
_a220.6 _bP222c |
||
| 100 | 1 |
_aPáramo, Severiano del, _d1889- _934276 |
|
| 245 | 1 | 0 |
_aCultura bíblica y religiosa / _cP. Severiano del Páramo, S.J. |
| 260 |
_aSantander, (Colombia) : _bUniversidad Pontificia Comillas, _c1970. |
||
| 300 |
_av. ; _c22 cm. |
||
| 650 | 4 |
_aEnseñanza bíblica _915358 |
|
| 650 | 4 |
_aPaz _xAspectos religiosos _96554 |
|
| 910 | _aCatalogación derivada | ||
| 049 | _aLa biblioteca sólo posee los volumenes 2, 3 y 4. | ||
| 049 | _aBNGR | ||
| 999 |
_c14717 _d14717 |
||